Quizzes
Events
Quiz Creation
Community
Videos
Private Events
Remove Ads
Sign In
Join for FREE
Feedback
Dark Mode
Quiz Categories
Sports
Geography
Music
Movies
Television
Just For Fun
Miscellaneous
History
Literature
Language
Science
Gaming
Entertainment
Religion
Holiday
For Kids
Quiz Lab
Recent
Popular Today
Quiz Kudos Today
Editor Picks
Curator Picks
Quizzes by...
Day
Popularity
Type
Ratings
Length
Year
Community
Subscriptions
Recent Discussions
Orange Saloon
Badges
Playlists
Quests
Create
Leaderboards
Showdown
Live 5
Trivia Bingo
Activity
Puzzle Library
Sporcle Events
Private Events
Virtual Trivia
Globe League
Become a Host
Pub Owners
SporcleCon
Opinionation
Our Games
Videos
Blog
Mobile Apps
Partnerships
Remove Ads and Go Orange
Feedback
Movies
Disney
Marvel Cinematic Universe
Movie Resume
Movie Titles
Oscar
Actor
Actress
Director
Pixar
Role
Movie Quotes
Movie Characters
Box Office
Nominee
Best Picture
Star Wars
James Bond
Horror Movies
Movies
Disney
Marvel Cinematic Universe
Movie Resume
Movie Titles
Oscar
Actor
Actress
Director
Pixar
Role
Movie Quotes
Movie Characters
Box Office
Nominee
Best Picture
Star Wars
James Bond
Horror Movies
Random Quiz
Search Sporcle
×
Quiz Lab
Quiz Lab
Movies
Quote
Type in answers that appear in a list
Type in answers that appear in a list
Classic
Best Score? Go Orange.
UNIMPORTANT BUT FUNNY MOVIE QUOTES 2 Stats
Can you name the comedies from these random quotes?
By
phobanbud
4m
16 Questions
515 Plays
515 Plays
515 Plays
Comments
Comments
Give Quiz Kudos
Give Quiz Kudos
-
- Ratings
hide this ad
Forced Order
Answers have to be entered in order
Answers have to be entered in order
Replay
Link that replays current quiz
Next Quiz
Link to next quiz in quiz playlist
You Got
0%
They Got
Avg Score
30%
Avg Friend Score
Upgrade to see
Score Distribution
Jump to the score distribution portion of the page
Score
0/16
Timer
04:00
0
Plays Today
Quote
Movie
% Correct
Okay well maybe we should tell that to rainman cause he practically bankrupted a casino and he was a ratard
The Hangover
66.8%
Oh, well, now your back's gonna hurt, 'cause you just pulled landscaping duty. Anybody else's fingers hurt?... I didn't think so
Happy Gilmore
59.6%
I'll be honest with you, I love his music. I do. I'm a Michael Bolton fan. For my money, I don't know if it gets any better than when he sings 'When a Man Loves a Woman'.
Office Space
56.7%
Well, I'm not really ready for a relationship, Lois, but thank you for asking. Hey, maybe I'll give you a call sometime. Your number still 911? All righty then.
Ace Ventura: Pet Detective
51.7%
If your dog gets lost you don't look for an hour then call it quits. You get your ass out there and you find that **** dog.
Billy Madison
46%
My father would womanize; he would drink. He would make outrageous claims like he invented the question mark. Sometimes, he would accuse chestnuts of being lazy.
Austin Powers: International Man of Mystery
43.5%
We are the North Compton wild cats.We're black, we know it. We shake our big booties and we show it. We ain't white. We ain't white. We definitely ain't white.Break it down ****.
Not Another Teen movie
35.1%
Well let me just quote the late-
great Colonel Sanders, who said...'I'm too drunk to taste this chicken.'
Talladega Nights: The Ballad of Ricky Bobby
28.3%
Quote
Movie
% Correct
Yeah, it was a dick move on my part. That's why I'm paying for your meal. Prick.
Harold & Kumar Go to White Castle
26.6%
It's called reading! Top to bottom, left to right... a group of words together is called a sentence. Take Tylenol for any headaches... Midol for any cramps
Tommy Boy
21%
Told ya that guy wanted to **** me.
American Wedding
14.8%
Sometimes when I wake up in the morning Mr. McCracken's already there
Kingpin
12.4%
She touched my pepe, Steve.
Multiplicity
9.5%
Yes, I tricked you. It was deceitful, it was disgusting and despicable. But just for once, see it from my side. I was horny
Me, Myself & Irene
7.8%
No, no, he don't need no help! He's already been served. I served him. He's taken care of. He's a little slow, but he got it
The 40 Year Old Virgin
6.8%
Anything I can get for you? Juice? Coffee? Rack of lamb?
The Nutty Professor
2.9%
Quiz Playlist
Details
Report
Send in Message
Add To Playlist
Classic:
Type in answers that appear in a list
Forced Order:
Answers have to be entered in order
Last Updated: Feb 21, 2017
Quiz Scoreboard
CHALLENGE
Sign Up to Join the Scoreboard
Show All
Scores
Hide
Comments
May contain spoilers
Recently Published
College Basketball Coaching Resumes
by pancakes188
Sports
9m
Billboard Blitz: Fleetwood Mac
by CooCooCachoo
Music
15s
Presidents Visiting Landmarks
by Hejman
History
7m
More to Explore
Quiz From the Vault
Featured Blog Post
Where Did the Easter Bunny Come From?
hide this ad
You Might Also Like...
Tags
Quote Quiz
Comedy
Funny
unimportant
Today's Top Quizzes in Movies
Browse Movies
hide this ad
Today's Top Quizzes in Quote
Browse Quote
Top Contributed Quizzes in Movies
1
Pick 5 Posters: Directed by Spielberg
2
7-to-1: Pixar Characters
3
Pick 5 Posters: Lowest-Rated Spielberg
4
Sorting Actors
5
Pick 5 Posters: Directed by Scorsese
6
Sorting Actresses
7
Pick 5 Posters: Star & Director
8
Pick 5 Posters: Women Directed 2020s
9
12 Movies about Fictional 1960s Events
10
Multi-Oscar Nominations, One Movie, One Winner
Explore More
Trending Topics
Kpop
Crossword
Disney
Harry Potter
Anime
NBA
Marvel
Country
WWE
Pokémon
NFL
Soccer
Puzzle
Song
The Office
hide this ad
More By:
phobanbud
Quiz
Plays
Rating
Category
Featured
Created
Heisman / National Title / Super Bowl
9,548
3.90
Sports
Feb 9, 2010
Movie Quotes: Some Famous and Some Not
1,845
3.62
Movies
Feb 5, 2010
UNIMPORTANT BUT FUNNY MOVIE QUOTES
1,516
2.88
Movies
Feb 3, 2010
Movie Dialogues
627
4.50
Movies
Feb 7, 2010
UNIMPORTANT BUT FUNNY MOVIE QUOTES 2
515
2.71
Movies
Feb 4, 2010
Go to Creator's Profile
Score Distribution
Quiz Creator Spotlight
phobanbud
Follow
Send a Message
Quizzes Created
-
Created Quiz Play Count
-
More By This Creator
Popular Quizzes Today
1
Find the US States - No Outlines Minefield
2
Find the Countries of Europe - No Outlines Minefield
3
The Countries of the World
4
Find the US States
5
Risky Map Clicking: Biggest States A-Z
6
US States
7
Popular People in 1961
8
Movies - When Are They Set?
More Movies Quizzes
5-Letter Movies A-Z
Editor's Pick
Trending Quizzes
Risky Map Clicking: Least Populous States A-Z
1-10 Letter G Words
1-10 Letter F Words
Risky Map Clicking: Next State Alphabetically
Risky Map Clicking: Biggest States A-Z
Recently Updated
Leaping Animals
pecheneg
Reality TV Shows (A-Z)
bhenderson79
Rickey Henderson's Hall of Fame Teammates
pecheneg
Champions League XIs: Arsenal
pecheneg
Quick Pick: Celebrities in WWE's Hall of Fame
aduchscher
A-Z Keypad Blitz II
pecheneg
Multiple Oscar Actors
pecheneg
Mystery Phrase Blitz: Oscar 'Best Actors'
pecheneg
F. Scott Fitzgerald Novels
LTH
Pick 3 Villains
ddd62291
Trending Topics
Harry Potter
Marvel
Crossword
Kpop
Disney
NBA
Anime
The Office
Song
NFL
WWE
Soccer
Puzzle
Pokémon
Country
Your Account Isn't Verified!
In order to create a playlist on Sporcle, you need to verify the email address you used during registration. Go to your
Sporcle Settings
to finish the process.
Report this User
Report this user for behavior that violates our
Community Guidelines
.
Details:
Send Report
Go to the Sporcle.com Mobile Site →
Comments